Co dělat, když firma přestane růst

Gespeichert in:
Bibliographische Detailangaben
1. Verfasser: McKee, S. (Verfasst von)
Format: Buch
Sprache:Tschechisch
Veröffentlicht: Praha : Grada Publishing, 2010
Schlagworte:
Tags: Tag hinzufügen
Keine Tags, Fügen Sie das erste Tag hinzu!

MARC

LEADER 00000nam a22000003a 4500
001 stu223223
005 20190206132457.4
008 110329s2010----xr------------------cze-d
020 |a 978-80-247-3316-6 
040 |a STU  |b slo 
041 0 |a cze 
044 |a xr 
080 |a 658.8 
100 1 |a McKee, S.  |4 aut 
245 1 |a Co dělat, když firma přestane růst 
260 |a Praha :  |b Grada Publishing,  |c 2010 
300 |a 215 s 
650 7 |a trhová ekonomika  |2 stusub 
650 7 |a konkurencia  |2 stusub 
996 |b 284M079323  |c M*12914-1  |l MMKN  |s A  |a 24  |w stu223223_0001